<?xml version="1.0" encoding="UTF-8"?><?xml-stylesheet type="text/xsl" href="static/style.xsl"?><OAI-PMH xmlns="http://www.openarchives.org/OAI/2.0/" xmlns:xsi="http://www.w3.org/2001/XMLSchema-instance" xsi:schemaLocation="http://www.openarchives.org/OAI/2.0/ http://www.openarchives.org/OAI/2.0/OAI-PMH.xsd"><responseDate>2026-04-27T20:17:14Z</responseDate><request verb="GetRecord" identifier="oai:uvadoc.uva.es:10324/6341" metadataPrefix="marc">https://uvadoc.uva.es/oai/request</request><GetRecord><record><header><identifier>oai:uvadoc.uva.es:10324/6341</identifier><datestamp>2021-06-23T09:51:53Z</datestamp><setSpec>com_10324_1134</setSpec><setSpec>com_10324_931</setSpec><setSpec>com_10324_894</setSpec><setSpec>col_10324_1213</setSpec></header><metadata><record xmlns="http://www.loc.gov/MARC21/slim" xmlns:doc="http://www.lyncode.com/xoai" xmlns:xsi="http://www.w3.org/2001/XMLSchema-instance" xmlns:dcterms="http://purl.org/dc/terms/" xsi:schemaLocation="http://www.loc.gov/MARC21/slim http://www.loc.gov/standards/marcxml/schema/MARC21slim.xsd">
<leader>00925njm 22002777a 4500</leader>
<datafield tag="042" ind1=" " ind2=" ">
<subfield code="a">dc</subfield>
</datafield>
<datafield tag="720" ind1=" " ind2=" ">
<subfield code="a">García-Sancho Martín, Francisco Javier</subfield>
<subfield code="e">author</subfield>
</datafield>
<datafield tag="720" ind1=" " ind2=" ">
<subfield code="a">Diego, Antonio M. G. de</subfield>
<subfield code="e">author</subfield>
</datafield>
<datafield tag="720" ind1=" " ind2=" ">
<subfield code="a">García, Antonio G.</subfield>
<subfield code="e">author</subfield>
</datafield>
<datafield tag="260" ind1=" " ind2=" ">
<subfield code="c">2012</subfield>
</datafield>
<datafield tag="520" ind1=" " ind2=" ">
<subfield code="a">Chromaffin cells are an excellent model for stimulus–&#xd;
secretion coupling. Ca2+ entry through plasma membrane&#xd;
voltage-operated Ca2+ channels (VOCC) is the trigger&#xd;
for secretion, but the intracellular organelles contribute subtle&#xd;
nuances to the Ca2+ signal. The endoplasmic reticulum&#xd;
amplifies the cytosolic Ca2+ ([Ca2+]C) signal by Ca2+-&#xd;
induced Ca2+ release (CICR) and helps generation of microdomains&#xd;
with high [Ca2+]C (HCMD) at the subplasmalemmal&#xd;
region. These HCMD induce exocytosis of the docked&#xd;
secretory vesicles. Mitochondria close to VOCC take up&#xd;
large amounts of Ca2+ from HCMD and stop progression&#xd;
of the Ca2+ wave towards the cell core. On the other hand,&#xd;
the increase of [Ca2+] at the mitochondrial matrix stimulates&#xd;
respiration and tunes energy production to the increased&#xd;
needs of the exocytic activity. At the end of stimulation,&#xd;
[Ca2+]C decreases rapidly and mitochondria release the Ca2+&#xd;
accumulated in the matrix through the Na+/Ca2+ exchanger.&#xd;
VOCC, CICR sites and nearby mitochondria form functional&#xd;
triads that co-localize at the subplasmalemmal area, where&#xd;
secretory vesicles wait ready for exocytosis. These triads&#xd;
optimize stimulus–secretion coupling while avoiding&#xd;
propagation of the Ca2+ signal to the cell core. Perturbation&#xd;
of their functioning in neurons may contribute to the genesis&#xd;
of excitotoxicity, ageing mental retardation and/or neurodegenerative&#xd;
disorders.</subfield>
</datafield>
<datafield tag="024" ind2=" " ind1="8">
<subfield code="a">Pflügers Archiv European Journal of Physiology, 2012, vol. 464, p. 33-41</subfield>
</datafield>
<datafield tag="024" ind2=" " ind1="8">
<subfield code="a">0031-6768</subfield>
</datafield>
<datafield tag="024" ind2=" " ind1="8">
<subfield code="a">http://uvadoc.uva.es/handle/10324/6341</subfield>
</datafield>
<datafield tag="024" ind2=" " ind1="8">
<subfield code="a">10.1007/s00424-012-1074-2</subfield>
</datafield>
<datafield tag="024" ind2=" " ind1="8">
<subfield code="a">33</subfield>
</datafield>
<datafield tag="024" ind2=" " ind1="8">
<subfield code="a">41</subfield>
</datafield>
<datafield tag="024" ind2=" " ind1="8">
<subfield code="a">Pflügers Archiv European Journal of Physiology</subfield>
</datafield>
<datafield tag="024" ind2=" " ind1="8">
<subfield code="a">464</subfield>
</datafield>
<datafield ind1=" " ind2=" " tag="653">
<subfield code="a">Nervioso, Sistema - Enfermedades</subfield>
</datafield>
<datafield ind1=" " ind2=" " tag="653">
<subfield code="a">Fisiología</subfield>
</datafield>
<datafield tag="245" ind1="0" ind2="0">
<subfield code="a">Mitochondria and chromaffin cell function</subfield>
</datafield>
</record></metadata></record></GetRecord></OAI-PMH>